LEADER 02957 am 2200529 n 450 001 9910568198303321 005 20180809 010 $a2-7535-6280-6 024 7 $a10.4000/books.pur.72398 035 $a(CKB)4100000012875422 035 $a(FrMaCLE)OB-pur-72398 035 $a(oapen)https://directory.doabooks.org/handle/20.500.12854/86804 035 $a(PPN)26795865X 035 $a(EXLCZ)994100000012875422 100 $a20220518j|||||||| ||| 0 101 0 $afre 135 $auu||||||m|||| 181 $ctxt$2rdacontent 182 $cc$2rdamedia 183 $acr$2rdacarrier 200 13$aLe pouvoir des fondations $eDes acteurs de la politique étrangère allemande /$fDorota Dakowska 210 $aRennes $cPresses universitaires de Rennes$d2018 215 $a1 online resource (218 p.) 225 1 $aRes publica 311 $a2-7535-3300-8 330 $aLes fondations politiques allemandes, les plus riches et les plus actives en Europe, servent souvent de référence à leurs homologues et aux think tanks d'autres pays. Marquées par le contexte de la guerre froide, ces fondations ont commencé par s'implanter en Afrique et en Amérique Latine pour y combattre « les influences communistes » avant de se redéployer en Asie, en Europe et Outre-Atlantique. Proches des partis politiques représentés au Bundestag, elles entretiennent un dialogue informel avec les élites d'une centaine de pays. Cultivant une image d'organisations indépendantes, voire privées, les fondations politiques sont pourtant financées quasi-exclusivement sur fonds publics. Cet ouvrage retrace la genèse de ces organisations paradiplomatiques et leurs stratégies d'internationalisation à travers leur engagement en Europe centrale et, plus particulièrement, en Pologne. Il analyse la manière dont les fondations, grâce à leur double ancrage dans le champ politique allemand et celui de l'action publique extérieure, sont devenues des acteurs majeurs de la politique étrangère. Reposant sur une vaste enquête ? 140 entretiens et de nombreuses archives inédites ? l'ouvrage apporte un éclairage nouveau sur la politique étrangère allemande, l'assistance internationale à la démocratisation, la coopération transnationale des partis et l'élargissement de l'Union européenne. 517 $aPouvoir des fondations 606 $aPolitical Science 606 $afondation 606 $afondation politique 606 $avie politique 606 $adiplomatie 610 $afondation 610 $afondation politique 610 $avie politique 610 $adiplomatie 615 4$aPolitical Science 615 4$afondation 615 4$afondation politique 615 4$avie politique 615 4$adiplomatie 700 $aDakowska$b Dorota$01321101 801 0$bFR-FrMaCLE 906 $aBOOK 912 $a9910568198303321 996 $aLe pouvoir des fondations$93034509 997 $aUNINA LEADER 02848oam 2200601 c 450 001 9910477320803321 005 20250513223435.0 024 7 $a10.3726/b12147 035 $a(CKB)4340000000239102 035 $a(oapen)https://directory.doabooks.org/handle/20.500.12854/37297 035 $a(PH02)9783954795833 035 $a(oapen)doab37297 035 $a(EXLCZ)994340000000239102 100 $a20240525d1990 uy 0 101 0 $ager 135 $aurnnunnnannuu 181 $ctxt$2rdacontent 182 $cc$2rdamedia 183 $acr$2rdacarrier 200 10$aSowjetische Beiträge zum Wortspiel (S?c?erbina, Chodakova)$eMit einer Aufsatzstudie von Gerd Freidhof$fGerd Freidhof 205 $a1st, New ed. 210 $aFrankfurt a.M$cPH02$d1990 215 $a1 online resource (216 p.)$c, EPDF 225 0 $aSpecimina philologiae Slavicae$v87 300 $aPeter Lang GmbH, Internationaler Verlag der Wissenschaften 311 08$a3-95479-583-3 327 $aA.A. S?c?erbina, Sus?c?nost' i iskusstvo slovesnoj ostroty (kalambu?ra). Kiev 1958 - E.P. Chodakova, Kalambur v russkoj literature XVIII v. IN: Russkaja literaturnaja ree* v XVIII veke. Frazeologizmy. Neologizny. Kalambury. Moskva 1968, 201-254 - E.P. Chodakova, Kalambury ? Pus?k?i na i Vzjazemskogo. IN: Obrazovanie stil 1 sti ki russkogo jazyka v Pus?kinskuju e?pochu. Moskva 1964, 285-333 - Gerd Freidhof, Mo?glichkeiten und Grenzen der Linguisti? in der internationalen Wortspiel forschung(Nachwort) 330 $aAn der Wortspielforschung nehmen im Internationalen Rahmen ganz unterschiedliche Wissenschaftsbereiche teil; aus slavistischer Sicht stehen natu?rlich die Literatur- und Sprachwissenschaft im Vordergrund. Aus diesem Grunde finden sich in den nachgedruckten Beitra?gen auch diese beiden Bereiche in gleicher Weise vertreten. Nachdruck und Nachwort wollen auf einen interdisziplina?ren Bereich der Forschung hinweisen, der sicher aus ganz unterschiedlichen Gru?nden in der Russistik und Slavistik stark vernachla?ssigt worden ist. 517 $aSowjetische Beitraege zum Wortspiel 517 $aSowjetische Beiträge zum Wortspiel 606 $aLanguage$2bicssc 610 $aAufsatzstudie 610 $aBeiträge 610 $aChodakova 610 $aeiner 610 $aFreidhof 610 $aGerd 610 $aLinguistik 610 $aRussland 610 $a??erbina 610 $aSlavische Sprachwissenschaft 610 $aSowjetische 610 $aSprachwissenschaft 610 $aWortspiel 610 $aWortspielforschung 615 7$aLanguage 700 $aFreidhof$b Gerd$4aut$0881712 801 0$bPH02 801 1$bPH02 906 $aBOOK 912 $a9910477320803321 996 $aSowjetische Beitra?ge zum Wortspiel (S?c?erbina, Chodakova)$94175071 997 $aUNINA